| Поле | Инд. | ПП | Название | Значение |
|---|---|---|---|---|
| Тип записи | a | |||
| Библиографический уровень | m | |||
| 001 | Контрольный номер | UNIDUBNAc9b83f8d86c645bc9b2d94d52c80fcbd | ||
| 005 | Дата корректировки | 20260423101620.0 | ||
| 017 | a | Номер регистрации авт. права | Акт приемки-передачи Произведения № 16/2025, № 16/2025/1, № 16/2025/2, № 16/2025/3, № 16/2025/4, № 16/2025/5, № 16/2025/6, № 16/2025/7 от 09.10.2025 | |
| 020 | a | ISBN | 978-5-89847-738-7 | |
| 040 | b | Код языка каталог. | rus | |
| 041 | 0_ | a | Код языка текста | rus |
| 084 | a | Индекс другой классификации/Индекс ББК | 74.026.65я73 | |
| 090 | a | Полочн. индекс | 74.026.65я73 | |
| x | Авторский знак | П 791 | ||
| 100 | 1_ | a | Автор | Черемисина Е. Н. |
| q | Полное имя | Черемисина Евгения Наумовна | ||
| 100 | 1_ | a | Автор | Миловидова А. А. |
| q | Полное имя | Миловидова Анна Александровна | ||
| 100 | 1_ | a | Автор | Махалкина Т. О. |
| q | Полное имя | Махалкина Татьяна Олеговна | ||
| 100 | 1_ | a | Автор | Балашова М. В. |
| q | Полное имя | Балашова Мария Владимировна | ||
| 100 | 1_ | a | Автор | Русакова Е. А. |
| q | Полное имя | Русакова Елена Александровна | ||
| 100 | 1_ | a | Автор | Немчанинова С. В. |
| 100 | 1_ | a | Автор | Кондрашова Е. Н. |
| 100 | 1_ | a | Автор | Клюева С. И. |
| 245 | 10 | a | Заглавие | Проектирование и написание ВКР в области инженерии систем ИИ |
| b | Продолж. заглавия | учебное пособие | ||
| 260 | a | Место издания | Дубна | |
| b | Издательство | Государственный университет "Дубна" | ||
| c | Дата издания | 2025 | ||
| 300 | a | Объем | 78 с. | |
| 336 | a | Термин вида содержания | Текст | |
| 337 | a | Термин типа средства | непосредственный + электронный | |
| 650 | 04 | a | Основная рубрика | высшее образование |
| a | Основная рубрика | образование | ||
| 653 | 0_ | a | Ключевые слова | выпускные квалификационные работы (ВКР) |
| a | Ключевые слова | защита ВКР | ||
| a | Ключевые слова | инженерия систем | ||
| a | Ключевые слова | искусственный интеллект | ||
| a | Ключевые слова | подготовка ВКР | ||
| a | Ключевые слова | требования к ВКР | ||
| 655 | a | Жанр/ форма (устаревшее) | учебное пособие | |
| 720 | a | Наименование подборки | СЭБ5 | |
| e | Признак/вид подборки | Тематические подборки | ||
| 856 | 40 | a | Имя сервера/домена | Библиотечная система Университета "Дубна" |
| d | Путь | http://lib.uni-dubna.ru/MegaPRO/Web | ||
| i | Указания/сценарий входа | Доступ по номеру читательского билета и фамилии читателя | ||
| u | URL | https://lib.uni-dubna.ru/ProtectedView/Book/ViewBook/33968 | ||
| y | Справочный текст | Электронная версия | ||
| 856 | 40 | a | Имя сервера/домена | ЭБС "Лань" |
| d | Путь | http://e.lanbook.com/ | ||
| i | Указания/сценарий входа | Доступ по логину и паролю | ||
| u | URL | https://e.lanbook.com/book/516061 | ||
| v | Время доступа к ресурсу | 10.04.2026 | ||
| y | Справочный текст | Электронная версия | ||
| 900 | a | Имя электронного ресурса | akt_16_2025_Cheremisina | |
| 900 | a | Имя электронного ресурса | akt_16_2025_1_Milovidjva | |
| 900 | a | Имя электронного ресурса | akt_16_2025_2_Maxalkina | |
| 900 | a | Имя электронного ресурса | akt_16_2025_3_Balahova | |
| 900 | a | Имя электронного ресурса | akt_16_2025_4_Rusakova | |
| 900 | a | Имя электронного ресурса | akt_16_2025_5_Nemchaninova | |
| 900 | a | Имя электронного ресурса | akt_16_2025_6_Kondrahova | |
| 900 | a | Имя электронного ресурса | akt_16_2025_7_Klueva | |
| 900 | a | Имя электронного ресурса | obl_Proektirovanie_VKR | |
| x | Справочная информация | Обложка | ||
| 900 | a | Имя электронного ресурса | Proektirovanie_VKR | |
| x | Справочная информация | Полный текст | ||
| 901 | t | Тип документа | m | |
| 952 | a | Тип литературы для КСУ ВШ | УИ |